[Event "Leipzig VfB op 21st"]
[Site "Leipzig"]
[Date "2014.03.06"]
[Round "4"]
[White "Franke, Uwe"]
[Black "Otto, Andreas"]
[Result "0-1"]
[WhiteElo "1963"]
[BlackElo "2094"]
[PlyCount "55"]
[EventDate "2014.03.04"]
[EventType "tourn"]
[EventRounds "9"]
[EventCountry "GER"]
[SourceTitle "CBM 159 Extra"]
[Source "ChessBase"]
[SourceDate "2014.04.24"]
[SourceVersion "1"]
[SourceVersionDate "2014.04.24"]
[SourceQuality "1"]

1. e4 c5 2. Nc3 Nc6 3. Nf3 e6 4. h3 g6 5. d3 Bg7 6. Ne2 Nf6 7. g4 d5 8. exd5 Nxd5 9. Ng3 0-0 10. Be2 Qc7 11. c3 b6 12. Bd2 Bb7 13. Qc1 Ne5 14. 0-0 Nxc3 15. Bxc3 Nxf3+ 16. Bxf3 Bxf3 17. Bxg7 Kxg7 18. Qc3+ Kg8 19. d4 Bb7 20. dxc5 Qc6 21. f3 Rac8 22. Rac1 bxc5 23. Rf2 c4 24. Rcf1 Rfd8 25. Ne4 Qc7 26. Kg2 Bxe4 27. fxe4 Rd3 28. Qc2 0-1

[Event "Leipzig VfB op 21st"]
[Site "Leipzig"]
[Date "2014.03.05"]
[Round "3"]
[White "Otto, Andreas"]
[Black "Eichner, Sebastian"]
[Result "0-1"]
[WhiteElo "2094"]
[BlackElo "2335"]
[PlyCount "150"]
[EventDate "2014.03.04"]
[EventType "tourn"]
[EventRounds "9"]
[EventCountry "GER"]
[SourceTitle "CBM 159 Extra"]
[Source "ChessBase"]
[SourceDate "2014.04.24"]
[SourceVersion "1"]
[SourceVersionDate "2014.04.24"]
[SourceQuality "1"]

1. e4 e6 2. d4 d5 3. Nc3 Nf6 4. exd5 exd5 5. Bg5 Be7 6. Bd3 Bg4 7. Nge2 Bh5 8. Qd2 Bg6 9. 0-0-0 Nbd7 10. Ng3 0-0 11. Bxg6 fxg6 12. h4 Nb6 13. Kb1 c6 14. Rde1 Nc4 15. Qd3 Qb6 16. b3 Bb4 17. Re2 Na3+ 18. Kb2 Bxc3+ 19. Qxc3 Nb5 20. Qc5 Nxd4 21. Qxb6 axb6 22. Re7 Rf7 23. Rxf7 Kxf7 24. Be3 Ne6 25. Bxb6 c5 26. b4 cxb4 27. Ne2 Ne4 28. Rd1 Nd6 29. Be3 Nc4+ 30. Kb1 Rc8 31. Bc1 Rc5 32. Rd3 Nc7 33. Rb3 Rb5 34. Rf3+ Ke7 35. Nd4 Rb6 36. Bg5+ Ke8 37. Be3 Rf6 38. Rxf6 gxf6 39. Bf4 Kd7 40. Bxc7 Kxc7 41. Ne6+ Kd6 42. Nf4 Ne5 43. Kb2 g5 44. Nh5 Ng4 45. hxg5 fxg5 46. f3 Ne3 47. g4 Ke5 48. Kc1 h6 49. Kd2 Nc4+ 50. Kd3 Nb2+ 51. Ke3 Nc4+ 52. Kd3 Na3 53. Kd2 Nb5 54. Kd3 Nd4 55. Ke3 Nxc2+ 56. Kd3 Nd4 57. Ke3 b3 58. axb3 Nxb3 59. Ng3 Nd4 60. Nf1 b5 61. Nd2 Ne6 62. Nb3 d4+ 63. Kd3 Kd5 64. Nd2 Nc5+ 65. Kc2 Ke5 66. Kd1 Kf4 67. Ke2 b4 68. Nc4 b3 69. Nd2 Kg3 70. Nc4 Na4 71. Nd2 b2 72. Kd3 Nc3 73. Kxd4 b1Q 74. Nxb1 Nxb1 75. Ke3 Nd2 0-1

[Event "Leipzig VfB op 21st"]
[Site "Leipzig"]
[Date "2014.03.05"]
[Round "2"]
[White "Thesing, Ansgar"]
[Black "Otto, Andreas"]
[Result "0-1"]
[WhiteElo "1798"]
[BlackElo "2094"]
[PlyCount "154"]
[EventDate "2014.03.04"]
[EventType "tourn"]
[EventRounds "9"]
[EventCountry "GER"]
[SourceTitle "CBM 159 Extra"]
[Source "ChessBase"]
[SourceDate "2014.04.24"]
[SourceVersion "1"]
[SourceVersionDate "2014.04.24"]
[SourceQuality "1"]

1. e4 c5 2. Nc3 Nc6 3. f4 e6 4. Nf3 Nge7 5. g3 d5 6. exd5 exd5 7. d4 b6 8. Bg2 g6 9. 0-0 Bg7 10. Re1 0-0 11. dxc5 bxc5 12. Ne5 Bb7 13. Nxd5 Nxe5 14. Nxe7+ Qxe7 15. fxe5 Bxg2 16. Kxg2 Bxe5 17. Qd5 Rfe8 18. Bf4 Rad8 19. Qf3 Qc7 20. Rxe5 Rxe5 21. Re1 Rde8 22. Bxe5 Rxe5 23. Re4 Rf5 24. Rf4 Re5 25. Re4 h5 26. Qf4 Re7 27. Qxc7 Rxc7 28. Rc4 a5 29. c3 Rd7 30. Rxc5 Rd2+ 31. Kh3 Rxb2 32. Rxa5 Rc2 33. a4 Rxc3 34. Ra8+ Kg7 35. Rb8 Rc2 36. Rb5 f6 37. Rb4 f5 38. a5 Ra2 39. Rb5 Kh6 40. Rc5 Kg7 41. Kh4 Kh6 42. Kh3 Kg5 43. Rb5 h4 44. Rc5 Kh6 45. Rb5 Kg5 46. Rc5 Ra3 47. Rb5 hxg3 48. hxg3 Kf6 49. Rb6+ Kg7 50. Kh4 Ra4+ 51. Kh3 Rxa5 52. Kg2 Ra4 53. Kf3 Kh6 54. Rc6 Kg5 55. Rc3 Ra1 56. Kg2 Kh5 57. Rc4 Ra3 58. Rh4+ Kg5 59. Rb4 Re3 60. Kf2 Re4 61. Rb8 Kg4 62. Rb3 Ra4 63. Rb2 Kh3 64. Rb3 g5 65. Kg1 Ra1+ 66. Kf2 Ra2+ 67. Kf1 g4 68. Rb5 Kxg3 69. Rxf5 Ra1+ 70. Ke2 Kg2 71. Rf2+ Kg1 72. Rf4 g3 73. Rf8 Ra2+ 74. Ke3 g2 75. Rf7 Ra5 76. Ke2 Rh5 77. Rg7 Kh1 0-1

[Event "Leipzig VfB op 20th"]
[Site "Leipzig"]
[Date "2013.03.07"]
[Round "4"]
[White "Jugelt, Tobias"]
[Black "Otto, Andreas"]
[Result "1-0"]
[WhiteElo "2409"]
[BlackElo "2054"]
[PlyCount "101"]
[EventDate "2013.03.05"]
[EventType "swiss"]
[EventRounds "9"]
[EventCountry "GER"]
[SourceTitle "EXT 2014"]
[Source "ChessBase"]
[SourceDate "2013.11.20"]
[SourceVersion "1"]
[SourceVersionDate "2013.11.20"]
[SourceQuality "1"]

1. d4 Nf6 2. c4 g6 3. g3 Bg7 4. Bg2 0-0 5. Nc3 d6 6. Nf3 Nc6 7. 0-0 a6 8. d5 Na5 9. Nd2 c5 10. Qc2 Bf5 11. e4 Bd7 12. Rb1 Qc7 13. Re1 Rab8 14. h3 b5 15. b3 bxc4 16. bxc4 Rxb1 17. Ncxb1 Rb8 18. Nc3 Bh6 19. Bf1 Rb4 20. f4 Nh5 21. Kh2 Qc8 22. Nf3 f6 23. Ng1 Qb8 24. Bd3 Nxc4 25. a3 Nxa3 26. Bxa3 Rb3 27. Rb1 c4 28. Bxc4 Rxb1 29. Nxb1 Qb6 30. Nf3 Ba4 31. Qb2 Qa5 32. Qe2 Qb6 33. Nc3 Bb3 34. Bxb3 Qxb3 35. Bb2 Bxf4 36. gxf4 Nxf4 37. Qd2 g5 38. Nd4 Qc4 39. Nce2 Ng6 40. Qc3 Qa2 41. Nf5 Ne5 42. Nxe7+ Kf7 43. Qc7 Qc4 44. Nc6+ Kg8 45. Qd8+ Kg7 46. Qe7+ Kg6 47. Qe8+ Kg7 48. Ned4 Nf3+ 49. Nxf3 Qc2+ 50. Kg3 Qxb2 51. Ncd4 1-0

[Event "Leipzig VfB op 20th"]
[Site "Leipzig"]
[Date "2013.03.06"]
[Round "3"]
[White "Otto, Andreas"]
[Black "Kuersten, Ruediger"]
[Result "1-0"]
[WhiteElo "2054"]
[BlackElo "2171"]
[PlyCount "122"]
[EventDate "2013.03.05"]
[EventType "swiss"]
[EventRounds "9"]
[EventCountry "GER"]
[SourceTitle "EXT 2014"]
[Source "ChessBase"]
[SourceDate "2013.11.20"]
[SourceVersion "1"]
[SourceVersionDate "2013.11.20"]
[SourceQuality "1"]

1. e4 e6 2. d4 d5 3. Nc3 Bb4 4. e5 b6 5. Qg4 Bf8 6. Nf3 Ne7 7. Bg5 h6 8. Bxe7 Qxe7 9. Nxd5 Qd7 10. Nc3 Bb7 11. a3 Nc6 12. 0-0-0 0-0-0 13. Bc4 Ne7 14. Qf4 Nd5 15. Nxd5 Bxd5 16. Bxd5 exd5 17. Kb1 b5 18. Rhe1 Rg8 19. Qd2 g5 20. Qa5 Kb7 21. Rd3 Rg6 22. e6 Rxe6 23. Rxe6 fxe6 24. Ne5 Qe8 25. Rc3 Rc8 26. Rc6 Bd6 27. Ra6 Ra8 28. Nc6 Kc8 29. Qxb5 Kd7 30. Rxa7 Rxa7 31. Nxa7+ Ke7 32. Qxe8+ Kxe8 33. h3 Bh2 34. Nc6 h5 35. f3 Kd7 36. Ne5+ Kc8 37. b4 Kb7 38. Kb2 Kb6 39. a4 Bg3 40. Kb3 Bf2 41. c3 Be3 42. Kc2 h4 43. Kd3 Bf4 44. Nd7+ Kc6 45. Nc5 Kd6 46. a5 c6 47. Kc2 Ke7 48. Nd3 Bg3 49. Kd1 Kd7 50. f4 gxf4 51. Ke2 Kc7 52. Kf3 Kb7 53. Nxf4 Be1 54. Ne2 Ka6 55. Ke3 Kb5 56. Kd3 c5 57. bxc5 Kxa5 58. Nf4 Kb5 59. Nxe6 Bg3 60. Ng7 Bf2 61. Nf5 Be1 1-0

[Event "Leipzig VfB op 20th"]
[Site "Leipzig"]
[Date "2013.03.06"]
[Round "2"]
[White "Riedel, Bert"]
[Black "Otto, Andreas"]
[Result "0-1"]
[WhiteElo "1881"]
[BlackElo "2054"]
[PlyCount "88"]
[EventDate "2013.03.05"]
[EventType "swiss"]
[EventRounds "9"]
[EventCountry "GER"]
[SourceTitle "EXT 2014"]
[Source "ChessBase"]
[SourceDate "2013.11.20"]
[SourceVersion "1"]
[SourceVersionDate "2013.11.20"]
[SourceQuality "1"]

1. e4 c5 2. Nf3 a6 3. Nc3 d6 4. d4 cxd4 5. Nxd4 Nf6 6. f3 e5 7. Nb3 Be6 8. Bg5 Be7 9. Qd2 Nbd7 10. 0-0-0 Rc8 11. Kb1 Qc7 12. g4 b5 13. h4 Nb6 14. Bxf6 gxf6 15. Rh2 h6 16. Bxb5+ axb5 17. Nxb5 Qd7 18. Nxd6+ Bxd6 19. Qxd6 Qxd6 20. Rxd6 Nc4 21. Rd3 h5 22. gxh5 Rxh5 23. Nd2 Nxd2+ 24. Rdxd2 Rd8 25. Rxd8+ Kxd8 26. b3 f5 27. Kc1 f4 28. Kd2 f5 29. Kd3 Ke7 30. a4 Kd6 31. b4 fxe4+ 32. fxe4 Ba2 33. Kc3 Kc6 34. Kd3 Rh8 35. Ke2 Bf7 36. c3 Bh5+ 37. Kd3 Rd8+ 38. Kc2 Bf3 39. h5 Bxe4+ 40. Kb3 Bh7 41. Rh4 f3 42. b5+ Kc5 43. Rc4+ Kd5 44. Rc7 Bf5 0-1

[Event "Leipzig VfB op 20th"]
[Site "Leipzig"]
[Date "2013.03.05"]
[Round "1"]
[White "Otto, Andreas"]
[Black "Klas, Guenther"]
[Result "1-0"]
[WhiteElo "2054"]
[BlackElo "1719"]
[PlyCount "42"]
[EventDate "2013.03.05"]
[EventType "swiss"]
[EventRounds "9"]
[EventCountry "GER"]
[SourceTitle "EXT 2014"]
[Source "ChessBase"]
[SourceDate "2013.11.20"]
[SourceVersion "1"]
[SourceVersionDate "2013.11.20"]
[SourceQuality "1"]

1. e4 c6 2. Nf3 d5 3. Nc3 dxe4 4. Nxe4 Bf5 5. Ng3 Bg6 6. h4 h5 7. Ne5 Qd6 8. d4 Nd7 9. Nxg6 fxg6 10. Bd3 0-0-0 11. Be3 Kb8 12. Ne4 Qe6 13. Qf3 Ngf6 14. Ng5 Qg4 15. Qxg4 Nxg4 16. Nf7 Re8 17. Nxh8 e5 18. 0-0-0 Nxe3 19. fxe3 Re6 20. Nxg6 e4 21. Nxf8 Nxf8 1-0

[Event "GER Daehne Cup"]
[Site "Halle"]
[Date "2012.06.08"]
[Round "4.15"]
[White "Mueller, Michael"]
[Black "Otto, Andreas"]
[Result "1-0"]
[WhiteElo "2270"]
[BlackElo "2106"]
[PlyCount "73"]
[EventDate "2012.06.07"]
[EventType "k.o."]
[EventRounds "5"]
[EventCountry "GER"]
[SourceTitle "EXT 2016"]
[Source "ChessBase"]
[SourceDate "2015.10.08"]
[SourceVersion "1"]
[SourceVersionDate "2015.10.08"]
[SourceQuality "1"]

1. d4 e6 2. Nf3 c5 3. c3 Nf6 4. Bf4 d5 5. e3 Be7 6. Bd3 0-0 7. Nbd2 b6 8. Ne5 Bb7 9. Qf3 Nbd7 10. Qh3 cxd4 11. exd4 a6 12. 0-0 Re8 13. Rfe1 Nf8 14. g4 N6d7 15. Ndf3 Nxe5 16. Bxe5 b5 17. a3 Bc6 18. Bf4 a5 19. Ne5 Qb6 20. Nxc6 Qxc6 21. Qf1 Reb8 22. Bxb8 Rxb8 23. Rac1 Qb6 24. Rc2 Bd6 25. f4 b4 26. axb4 axb4 27. Qf2 h6 28. Kh1 bxc3 29. bxc3 Qc7 30. f5 Rb3 31. fxe6 Nxe6 32. Qf5 g6 33. Qxd5 Rxc3 34. Rxe6 Rxc2 35. Rxg6+ Kh8 36. Rxh6+ Kg8 37. Qg5+ 1-0

[Event "GER Daehne Cup"]
[Site "Halle"]
[Date "2012.06.07"]
[Round "2.9"]
[White "Otto, Andreas"]
[Black "Hoegerl, Gerd"]
[Result "0-1"]
[WhiteElo "2106"]
[BlackElo "2220"]
[PlyCount "178"]
[EventDate "2012.06.07"]
[EventType "k.o."]
[EventRounds "5"]
[EventCountry "GER"]
[SourceTitle "EXT 2016"]
[Source "ChessBase"]
[SourceDate "2015.10.08"]
[SourceVersion "1"]
[SourceVersionDate "2015.10.08"]
[SourceQuality "1"]

1. e4 e5 2. Nf3 Nf6 3. Nc3 Bb4 4. Nxe5 0-0 5. Be2 Re8 6. Nd3 Bxc3 7. dxc3 Nxe4 8. Nf4 d6 9. 0-0 Nd7 10. Be3 Ndf6 11. c4 Bf5 12. h3 h6 13. Bf3 Qd7 14. Nd5 Nxd5 15. Qxd5 b6 16. Rfe1 Rad8 17. Bf4 Nf6 18. Qd4 Re6 19. c3 Rde8 20. Rxe6 Rxe6 21. Qd2 Be4 22. Bxe4 Rxe4 23. b3 Qe6 24. Be3 Re5 25. Kf1 Ne4 26. Qc2 Ng3+ 27. Kg1 Nf5 28. Re1 Nxe3 29. fxe3 Rxe3 30. Rxe3 Qxe3+ 31. Kh1 Qe1+ 32. Kh2 Qe5+ 33. Kh1 Qe1+ 34. Kh2 Qe5+ 35. Kh1 f5 36. Qd3 a5 37. Qf3 Qe4 38. Qh5 Qe1+ 39. Kh2 Qe5+ 40. Kh1 Qe1+ 41. Kh2 Qe5+ 42. Kh1 Kf8 43. Qh4 Qe7 44. Qh5 Qe6 45. Qf3 Qe4 46. Qh5 Ke7 47. Qg6 Qe1+ 48. Kh2 Qe5+ 49. Kh1 a4 50. bxa4 Qe1+ 51. Kh2 Qe5+ 52. Kh1 Qe1+ 53. Kh2 Qe5+ 54. Kh1 Kd7 55. Qf7+ Kc6 56. Kg1 Kb7 57. Kh1 Qe1+ 58. Kh2 Qe5+ 59. Kh1 Qxc3 60. Qd5+ Ka7 61. Qf7 Qe1+ 62. Kh2 Qe5+ 63. Kh1 Qe1+ 64. Kh2 Qe5+ 65. Kh1 Kb7 66. a3 Qe1+ 67. Kh2 Qe5+ 68. Kh1 Qe1+ 69. Kh2 Qe5+ 70. Kh1 Qf6 71. Qd5+ c6 72. Qg8 Qe7 73. Kh2 Qd7 74. Kh1 d5 75. cxd5 cxd5 76. a5 bxa5 77. a4 Kc7 78. Qa8 Kb6 79. Qb8+ Kc5 80. Qf8+ Kc4 81. Qa3 d4 82. Kg1 d3 83. Qc1+ Kb4 84. Qd1 d2 85. Qb1+ Kxa4 86. Qc2+ Kb5 87. Qb3+ Ka6 88. Qc4+ Kb7 89. Qb3+ Ka7 0-1

[Event "GER Daehne Cup"]
[Site "Halle"]
[Date "2012.06.07"]
[Round "1.2"]
[White "Schulz, Michael"]
[Black "Otto, Andreas"]
[Result "1-0"]
[WhiteElo "2236"]
[BlackElo "2106"]
[PlyCount "119"]
[EventDate "2012.06.07"]
[EventType "k.o."]
[EventRounds "5"]
[EventCountry "GER"]
[SourceTitle "EXT 2016"]
[Source "ChessBase"]
[SourceDate "2015.10.08"]
[SourceVersion "1"]
[SourceVersionDate "2015.10.08"]
[SourceQuality "1"]

1. d4 Nf6 2. Bg5 Ne4 3. Bf4 c5 4. f3 Nf6 5. d5 Qb6 6. Nc3 Qxb2 7. Bd2 Qb6 8. e4 d6 9. f4 e5 10. fxe5 dxe5 11. Nf3 Nbd7 12. Bc4 Be7 13. 0-0 0-0 14. a4 Ne8 15. Bb5 Qc7 16. a5 Bf6 17. Bg5 Bxg5 18. Nxg5 Qd8 19. Qh5 Nef6 20. Qh4 h6 21. Nf3 Nh7 22. Qg3 f6 23. Nh4 Kh8 24. Ng6+ Kg8 25. d6 Rf7 26. Bc4 b5 27. Nxb5 Ba6 28. Bxf7+ Kxf7 29. Nc7 Bxf1 30. Rxf1 Rb8 31. Nxe5+ Nxe5 32. Qxe5 Kg8 33. Qxc5 Ng5 34. Qd5+ Kh8 35. h4 Nxe4 36. Qxe4 Qxd6 37. Nd5 Qc5+ 38. Kh1 Qxa5 39. c4 Qd8 40. Ne7 Qe8 41. Re1 Qh5 42. Ng6+ Kg8 43. g4 Qc5 44. h5 a5 45. Qd5+ Qxd5+ 46. cxd5 f5 47. Ne7+ Kf7 48. Nxf5 Kf6 49. Kg2 Kg5 50. Kh3 Rb3+ 51. Ng3 Rd3 52. Re5+ Kf6 53. Rf5+ Ke7 54. d6+ Kxd6 55. Rxa5 Ke6 56. Kh4 Rd7 57. Rf5 Rd2 58. Kh3 Ra2 59. Rf3 Ke7 60. Nf5+ 1-0

[Event "Leipzig VfB op 19th"]
[Site "Leipzig"]
[Date "2012.03.09"]
[Round "6"]
[White "Otto, Andreas"]
[Black "Liedmann, Hans Joerg"]
[Result "1-0"]
[WhiteElo "2105"]
[BlackElo "1887"]
[PlyCount "101"]
[EventDate "2012.03.06"]
[EventType "swiss"]
[EventRounds "9"]
[EventCountry "GER"]
[SourceTitle "CBM 147 Extra"]
[Source "ChessBase"]
[SourceDate "2012.04.24"]
[SourceVersion "1"]
[SourceVersionDate "2012.04.24"]
[SourceQuality "1"]

1. e4 c5 2. c3 d6 3. d4 cxd4 4. cxd4 g6 5. Bc4 Bg7 6. Nc3 Nc6 7. Nf3 Nf6 8. Bb3 0-0 9. h3 a6 10. 0-0 b5 11. e5 dxe5 12. dxe5 Qxd1 13. Rxd1 Ne8 14. Bd5 Bb7 15. Bg5 Nc7 16. Bxe7 Nxd5 17. Nxd5 Nxe7 18. Nxe7+ Kh8 19. Nd5 Rae8 20. Rac1 Bxe5 21. Nxe5 Rxe5 22. Ne3 Kg7 23. Rc7 Bc8 24. b4 Rfe8 25. a3 h5 26. Rdc1 Be6 27. Ra7 Rg5 28. h4 Re5 29. Rxa6 f5 30. Rc7+ Kf6 31. g3 Rd8 32. Rcc6 Rd4 33. Kf1 f4 34. gxf4 Rxf4 35. Rxe6+ Rxe6 36. Nd5+ Ke5 37. Rxe6+ Kxd5 38. Rxg6 Rxh4 39. Rg5+ Kc4 40. Rc5+ Kb3 41. Rxb5 Kxa3 42. Kg2 Ka4 43. Rb8 Rxb4 44. Rxb4+ Kxb4 45. Kg3 Kc5 46. Kh4 Kd6 47. Kxh5 Ke5 48. Kg5 Ke6 49. f4 Ke7 50. Kg6 Kf8 51. Kf6 1-0

[Event "Leipzig VfB op 19th"]
[Site "Leipzig"]
[Date "2012.03.07"]
[Round "3"]
[White "Herrmann, Markus"]
[Black "Otto, Andreas"]
[Result "1-0"]
[WhiteElo "2029"]
[BlackElo "2105"]
[PlyCount "120"]
[EventDate "2012.03.06"]
[EventType "swiss"]
[EventRounds "9"]
[EventCountry "GER"]
[SourceTitle "CBM 147 Extra"]
[Source "ChessBase"]
[SourceDate "2012.04.24"]
[SourceVersion "1"]
[SourceVersionDate "2012.04.24"]
[SourceQuality "1"]

1. d4 d5 2. Nf3 Nf6 3. c4 c6 4. Nc3 a6 5. e3 g6 6. h3 Bg7 7. Bd3 c5 8. 0-0 cxd4 9. exd4 dxc4 10. Bxc4 0-0 11. Re1 b5 12. Bb3 Bb7 13. Bf4 Nc6 14. Qe2 Nxd4 15. Nxd4 Qxd4 16. Qxe7 Qb6 17. Be3 Qc6 18. f3 Rae8 19. Qb4 Re5 20. Bf4 Qb6+ 21. Kh2 a5 22. Qxf8+ Bxf8 23. Bxe5 Bd6 24. Bxd6 Qxd6+ 25. Kh1 a4 26. Rad1 Qb4 27. Nd5 Bxd5 28. Bxd5 Nxd5 29. Re8+ Kg7 30. Rxd5 Qxb2 31. Re4 f5 32. Re7+ Kh6 33. Rb7 b4 34. Rdb5 b3 35. axb3 a3 36. Ra5 Kg5 37. Ra4 f4 38. Rba7 Kh4 39. Kh2 Qxb3 40. Rxa3 Qb2 41. Rxh7+ Kg5 42. Ra5+ Kf6 43. Rha7 Qf2 44. R7a6+ Kf7 45. Ra1 Kg7 46. R6a4 Qg3+ 47. Kg1 Kh6 48. Re4 Qg5 49. Rc1 Qf6 50. Rcc4 g5 51. Rc1 Kh5 52. Kh2 Qd6 53. Rb1 Qc5 54. Re6 Qf8 55. Re5 Kh4 56. Rbb5 Qc8 57. Rb6 Qf8 58. Rg6 Qh8 59. Rexg5 Qd4 60. Rg4+ Kh5 1-0

[Event "Leipzig VfB op 18th"]
[Site "Leipzig"]
[Date "2011.03.27"]
[Round "9"]
[White "Herrmann, Markus"]
[Black "Otto, Andreas"]
[Result "1-0"]
[WhiteElo "1983"]
[BlackElo "2110"]
[PlyCount "93"]
[EventDate "2011.03.20"]
[EventType "swiss"]
[EventRounds "9"]
[EventCountry "GER"]
[SourceTitle "CBM 141 Extra"]
[Source "ChessBase"]
[SourceDate "2011.05.03"]
[SourceVersion "1"]
[SourceVersionDate "2011.05.03"]
[SourceQuality "1"]

1. d4 Nf6 2. c4 e6 3. Nf3 b6 4. a3 Bb7 5. Nc3 d5 6. Bg5 Be7 7. e3 0-0 8. Rc1 Nbd7 9. cxd5 exd5 10. Bd3 c5 11. 0-0 h6 12. Bf4 Nh5 13. Be5 Nhf6 14. Qe2 Nxe5 15. Nxe5 Bd6 16. f4 Rc8 17. Bf5 Ra8 18. Qf3 cxd4 19. exd4 Bxe5 20. fxe5 Ne4 21. Rfd1 Ng5 22. Qg3 Ba6 23. h4 Ne6 24. Rd2 Rc8 25. Re1 Rc4 26. Ne2 b5 27. Bxe6 fxe6 28. Nf4 Bc8 29. Rf1 Qc7 30. Rdf2 Rc1 31. Kh2 Rxf1 32. Rxf1 Qf7 33. Rf3 Qe8 34. Rc3 Rf5 35. Qg6 Qd7 36. Nh5 Rxh5 37. Qxh5 Qd8 38. g3 Bd7 39. Qd1 Qb6 40. Rc5 a5 41. b4 axb4 42. axb4 Qa6 43. Rc7 Be8 44. Qc2 Bh5 45. g4 Bxg4 46. Qg6 Qa2+ 47. Rc2 1-0

[Event "Leipzig VfB op 18th"]
[Site "Leipzig"]
[Date "2011.03.24"]
[Round "4"]
[White "Otto, Andreas"]
[Black "Steiner, Albrecht"]
[Result "1-0"]
[WhiteElo "2110"]
[BlackElo "1914"]
[PlyCount "111"]
[EventDate "2011.03.20"]
[EventType "swiss"]
[EventRounds "9"]
[EventCountry "GER"]
[SourceTitle "CBM 141 Extra"]
[Source "ChessBase"]
[SourceDate "2011.05.03"]
[SourceVersion "1"]
[SourceVersionDate "2011.05.03"]
[SourceQuality "1"]

1. e4 c5 2. Nf3 e6 3. d4 cxd4 4. Nxd4 a6 5. Be2 b6 6. Nc3 Bb7 7. 0-0 Qc7 8. f4 d6 9. Bf3 Nd7 10. Qe2 Rc8 11. Bd2 Ngf6 12. Kh1 Be7 13. Rae1 0-0 14. e5 dxe5 15. fxe5 Nd5 16. Nxd5 exd5 17. e6 Nf6 18. exf7+ Rxf7 19. Ne6 Qc4 20. Qxc4 Rxc4 21. Ng5 Rxc2 22. Nxf7 Kxf7 23. Bc3 Bc5 24. Bh5+ Kg8 25. Bd1 Rf2 26. Rxf2 Bxf2 27. Re7 Bc6 28. Bxf6 gxf6 29. Re6 Bb5 30. Bb3 Kg7 31. Bxd5 Bc5 32. b3 a5 33. Re4 Bd3 34. Rg4+ Kh6 35. Rg8 Bb1 36. a4 Bg6 37. g3 Bd4 38. h4 Bc2 39. Kg2 Bc5 40. g4 Be3 41. Re8 Bc5 42. Rg8 Be3 43. Rc8 Bc5 44. Rc7 Kg6 45. Bf7+ Kh6 46. Kh3 Bd3 47. Bc4 Be4 48. Rd7 f5 49. Bd3 fxg4+ 50. Kxg4 Bg6 51. Bxg6 hxg6 52. Kf3 Bg1 53. Rf7 Bh2 54. Kg4 Bg1 55. Re7 Bd4 56. Re6 1-0

[Event "Leipzig VfB op 18th"]
[Site "Leipzig"]
[Date "2011.03.22"]
[Round "1"]
[White "Huelle, Gunter"]
[Black "Otto, Andreas"]
[Result "0-1"]
[WhiteElo "1761"]
[BlackElo "2110"]
[PlyCount "44"]
[EventDate "2011.03.20"]
[EventType "swiss"]
[EventRounds "9"]
[EventCountry "GER"]
[SourceTitle "CBM 141 Extra"]
[Source "ChessBase"]
[SourceDate "2011.05.03"]
[SourceVersion "1"]
[SourceVersionDate "2011.05.03"]
[SourceQuality "1"]

1. b4 e5 2. Bb2 Bxb4 3. Bxe5 Nf6 4. c4 0-0 5. Qb3 Nc6 6. Bb2 d5 7. cxd5 Nxd5 8. a3 Be7 9. e3 Be6 10. Qxb7 Rb8 11. Qxc6 Rxb2 12. Qc1 Bf6 13. d4 Qb8 14. Bd3 c5 15. Ne2 cxd4 16. Nxd4 Bxd4 17. exd4 Nf4 18. Qd1 Bb3 19. Qf3 Re8+ 20. Kf1 Nxd3 21. Qxd3 Bc4 22. Qxc4 Rxb1+ 0-1

[Event "Wroclaw op 5th"]
[Site "Wroclaw"]
[Date "2010.06.30"]
[Round "7"]
[White "Otto, Andreas"]
[Black "Setkauskas, Vaidas"]
[Result "0-1"]
[WhiteElo "2131"]
[BlackElo "2246"]
[PlyCount "50"]
[EventDate "2010.06.26"]
[EventType "swiss"]
[EventRounds "9"]
[EventCountry "POL"]
[SourceTitle "CBM 137 Extra"]
[Source "ChessBase"]
[SourceDate "2010.09.01"]
[SourceVersion "1"]
[SourceVersionDate "2010.09.01"]
[SourceQuality "1"]

1. e4 c5 2. Nf3 d6 3. d4 cxd4 4. Nxd4 Nf6 5. Nc3 g6 6. Be3 Bg7 7. f3 0-0 8. Bc4 Nc6 9. Qd2 Bd7 10. 0-0-0 Rc8 11. Bb3 Ne5 12. Kb1 a6 13. h4 h5 14. g4 hxg4 15. h5 Nxh5 16. Bh6 Kh7 17. Rxh5 gxh5 18. Bxg7 Kxg7 19. Qg5+ Ng6 20. fxg4 e6 21. Qxd8 Rcxd8 22. gxh5 Nf4 23. Rf1 Nxh5 24. Bc4 Rh8 25. Nf3 Ng3 0-1

[Event "Wroclaw op 5th"]
[Site "Wroclaw"]
[Date "2010.06.29"]
[Round "5"]
[White "Otto, Andreas"]
[Black "Zmarzly, Aleksandra"]
[Result "1/2-1/2"]
[WhiteElo "2131"]
[BlackElo "2026"]
[PlyCount "77"]
[EventDate "2010.06.26"]
[EventType "swiss"]
[EventRounds "9"]
[EventCountry "POL"]
[SourceTitle "CBM 137 Extra"]
[Source "ChessBase"]
[SourceDate "2010.09.01"]
[SourceVersion "1"]
[SourceVersionDate "2010.09.01"]
[SourceQuality "1"]

1. e4 c5 2. Nf3 d6 3. d4 cxd4 4. Nxd4 Nf6 5. f3 Qb6 6. c4 Nc6 7. Nc2 e6 8. Nc3 a6 9. Be2 Be7 10. Rb1 0-0 11. Be3 Qc7 12. 0-0 Rd8 13. Qd2 Rb8 14. Rfc1 b6 15. Bf1 Ne5 16. Nd4 Kh8 17. b4 Rg8 18. Kh1 Bb7 19. a4 Nfd7 20. Nb3 g5 21. a5 bxa5 22. Nxa5 Ba8 23. Qd4 Bf6 24. Qa7 Qc8 25. c5 dxc5 26. bxc5 Rxb1 27. Nxb1 Nc6 28. Nxc6 Qxc6 29. Qxa6 g4 30. Qxc6 Bxc6 31. fxg4 Rxg4 32. Nc3 Bxc3 33. Rxc3 Rxe4 34. Kg1 Kg7 35. g3 Ra4 36. Rc2 Ne5 37. h3 Be4 38. Rb2 Ra3 39. Kf2 1/2-1/2

[Event "Wroclaw op 5th"]
[Site "Wroclaw"]
[Date "2010.06.27"]
[Round "2"]
[White "Otto, Andreas"]
[Black "Leniart, Arkadiusz"]
[Result "0-1"]
[WhiteElo "2131"]
[BlackElo "2423"]
[PlyCount "150"]
[EventDate "2010.06.26"]
[EventType "swiss"]
[EventRounds "9"]
[EventCountry "POL"]
[SourceTitle "CBM 137 Extra"]
[Source "ChessBase"]
[SourceDate "2010.09.01"]
[SourceVersion "1"]
[SourceVersionDate "2010.09.01"]
[SourceQuality "1"]

1. e4 e5 2. d4 exd4 3. Qxd4 Nc6 4. Qe3 g6 5. Nc3 Bg7 6. Bd2 Nf6 7. 0-0-0 0-0 8. h4 Re8 9. Qf4 d6 10. Be2 Nd4 11. h5 Nxe2+ 12. Ngxe2 b5 13. hxg6 fxg6 14. Ng3 Ng4 15. Be1 Be6 16. f3 Rf8 17. Qd2 Ne5 18. b3 b4 19. Nd5 c6 20. Nxb4 Qf6 21. c3 a5 22. Nd3 a4 23. Nxe5 dxe5 24. b4 Rfd8 25. Qc2 Rxd1+ 26. Kxd1 Qf7 27. Kc1 Bxa2 28. Kb2 Bb3 29. Qd3 Bf6 30. Ne2 Bc4 31. Qe3 Bxe2 32. Qxe2 Qb3+ 33. Ka1 Rd8 34. Bd2 a3 35. Rb1 Qc2 36. Qc4+ Kg7 37. Be1 Rd1 38. Qa2 Rxb1+ 39. Qxb1 Qxg2 40. c4 Qxf3 41. b5 cxb5 42. cxb5 Be7 43. b6 Bc5 44. b7 Bd4+ 45. Ka2 Qe2+ 46. Kb3 Qb5+ 47. Ka2 Qc4+ 48. Qb3 Qe2+ 49. Kxa3 Qa6+ 50. Qa4 Qxb7 51. Bb4 Qa7 52. Ba5 Qe7+ 53. Kb3 Qb7+ 54. Kc4 Qf7+ 55. Kd3 Qf1+ 56. Kc2 Qe2+ 57. Kc1 Qb2+ 58. Kd1 Qa1+ 59. Qxa1 Bxa1 60. Ke2 Bd4 61. Kf3 g5 62. Kg4 Kg6 63. Bd8 Be3 64. Be7 h5+ 65. Kf3 Bf4 66. Bd8 g4+ 67. Ke2 Bg5 68. Bc7 Bf6 69. Kf2 Kg5 70. Ke3 h4 71. Ba5 h3 72. Bd2 Kh5 73. Kf2 Bg5 74. Bb4 Bf4 75. Bc5 g3+ 0-1